<?xml version="1.0" encoding="UTF-8"?>
<record
    xmlns:xsi="http://www.w3.org/2001/XMLSchema-instance"
    xsi:schemaLocation="http://www.loc.gov/MARC21/slim http://www.loc.gov/standards/marcxml/schema/MARC21slim.xsd"
    xmlns="http://www.loc.gov/MARC21/slim">

  <leader>01164nam0a22002891  4500</leader>
  <controlfield tag="001">rc\3354535</controlfield>
  <controlfield tag="005">20250609183234.0</controlfield>
  <datafield tag="021" ind1=" " ind2=" ">
    <subfield code="a">RU</subfield>
    <subfield code="b">[71-89603]</subfield>
  </datafield>
  <datafield tag="035" ind1=" " ind2=" ">
    <subfield code="a">(NLR Aleph) 007438299</subfield>
  </datafield>
  <datafield tag="090" ind1=" " ind2=" ">
    <subfield code="a">7088582</subfield>
    <subfield code="c">7088582</subfield>
  </datafield>
  <datafield tag="100" ind1=" " ind2=" ">
    <subfield code="a">20130115d1971    |||y0rusy50      ca</subfield>
  </datafield>
  <datafield tag="101" ind1="0" ind2=" ">
    <subfield code="a">rus</subfield>
  </datafield>
  <datafield tag="102" ind1=" " ind2=" ">
    <subfield code="a">RU</subfield>
  </datafield>
  <datafield tag="105" ind1=" " ind2=" ">
    <subfield code="a">c   z   |||a|</subfield>
  </datafield>
  <datafield tag="200" ind1="1" ind2=" ">
    <subfield code="a">&#x41F;&#x44C;&#x435;&#x441;&#x44B;</subfield>
    <subfield code="e">[&#x41F;&#x435;&#x440;&#x435;&#x432;&#x43E;&#x434;&#x44B;</subfield>
    <subfield code="f">&#x41F;&#x43E;&#x441;&#x43B;&#x435;&#x441;&#x43B;. &#x418;. &#x41A;&#x438;&#x441;&#x435;&#x43B;&#x435;&#x432;&#x430;, &#x441;. 379-398</subfield>
  </datafield>
  <datafield tag="210" ind1=" " ind2=" ">
    <subfield code="a">&#x41C;&#x43E;&#x441;&#x43A;&#x432;&#x430;</subfield>
    <subfield code="c">&#x418;&#x441;&#x43A;&#x443;&#x441;&#x441;&#x442;&#x432;&#x43E;</subfield>
    <subfield code="d">1971]</subfield>
  </datafield>
  <datafield tag="215" ind1=" " ind2=" ">
    <subfield code="a">399 &#x441;., 1 &#x43B;. &#x43F;&#x43E;&#x440;&#x442;&#x440;.</subfield>
    <subfield code="d">17</subfield>
  </datafield>
  <datafield tag="327" ind1="1" ind2=" ">
    <subfield code="a">&#x421;&#x43E;&#x434;&#x435;&#x440;&#x436;.: &#x41A;&#x430;&#x43C;&#x43E;; &#x41C;&#x430;&#x440;&#x438;&#x44F;; &#x41F;&#x43E;&#x441;&#x43B;&#x435;&#x434;&#x43D;&#x44F;&#x44F; &#x432;&#x441;&#x442;&#x440;&#x435;&#x447;&#x430;; &#x424;&#x430;&#x443;&#x441;&#x442; &#x438; &#x441;&#x43C;&#x435;&#x440;&#x442;&#x44C;; &#x413;&#x440;&#x43E;&#x437;&#x430; &#x43D;&#x430;&#x434; &#x413;&#x430;&#x432;&#x43E;&#x439;&#x44F;&#x43C;&#x438;</subfield>
  </datafield>
  <datafield tag="464" ind1=" " ind2="0">
    <subfield code="1">2001#$a&#x41A;&#x430;&#x43C;&#x43E;$a&#x41C;&#x430;&#x440;&#x438;&#x44F;$a&#x41F;&#x43E;&#x441;&#x43B;&#x435;&#x434;&#x43D;&#x44F;&#x44F; &#x432;&#x441;&#x442;&#x440;&#x435;&#x447;&#x430;$a&#x424;&#x430;&#x443;&#x441;&#x442; &#x438; &#x441;&#x43C;&#x435;&#x440;&#x442;&#x44C;$a&#x413;&#x440;&#x43E;&#x437;&#x430; &#x43D;&#x430;&#x434; &#x413;&#x430;&#x432;&#x43E;&#x439;&#x44F;&#x43C;&#x438;</subfield>
    <subfield code="t">&#x413;&#x440;&#x43E;&#x437;&#x430; &#x43D;&#x430;&#x434; &#x413;&#x430;&#x432;&#x43E;&#x439;&#x44F;&#x43C;&#x438;</subfield>
  </datafield>
  <datafield tag="700" ind1=" " ind2="1">
    <subfield code="7">ca</subfield>
    <subfield code="8">rus</subfield>
    <subfield code="a">&#x41B;&#x435;&#x432;&#x430;&#x434;&#x430;</subfield>
    <subfield code="b">&#x410;. &#x421;.</subfield>
    <subfield code="f">1909-1995</subfield>
    <subfield code="g">&#x410;&#x43B;&#x435;&#x43A;&#x441;&#x430;&#x43D;&#x434;&#x440; &#x421;&#x442;&#x435;&#x43F;&#x430;&#x43D;&#x43E;&#x432;&#x438;&#x447;</subfield>
    <subfield code="9">211748</subfield>
    <subfield code="3">RU\NLR\AUTH\770211804</subfield>
  </datafield>
  <datafield tag="702" ind1=" " ind2="1">
    <subfield code="a">&#x41A;&#x438;&#x441;&#x435;&#x43B;&#x435;&#x432;</subfield>
    <subfield code="b">&#x418;.</subfield>
    <subfield code="4">080</subfield>
  </datafield>
  <datafield tag="801" ind1=" " ind2="0">
    <subfield code="a">RU</subfield>
    <subfield code="b">NLR</subfield>
    <subfield code="g">psbo</subfield>
  </datafield>
  <datafield tag="801" ind1=" " ind2="1">
    <subfield code="a">RU</subfield>
    <subfield code="b">ELAR</subfield>
    <subfield code="2">rusmarc</subfield>
  </datafield>
  <datafield tag="852" ind1=" " ind2=" ">
    <subfield code="a">NLR</subfield>
    <subfield code="j">71-2/2482</subfield>
  </datafield>
  <datafield tag="942" ind1=" " ind2=" ">
    <subfield code="c">BOOK</subfield>
  </datafield>
  <datafield tag="980" ind1=" " ind2=" ">
    <subfield code="a">NB</subfield>
  </datafield>
  <datafield tag="995" ind1=" " ind2=" ">
    <subfield code="5">2013-10-26</subfield>
    <subfield code="b">NLR01</subfield>
    <subfield code="c">NLR01</subfield>
    <subfield code="e">RF31</subfield>
    <subfield code="f">7438299-10</subfield>
    <subfield code="k">71-2/2482</subfield>
    <subfield code="o">0</subfield>
    <subfield code="r">BOOK</subfield>
    <subfield code="s">7122482_</subfield>
  </datafield>
</record>
